[Event "Washington Class Championships"]
[Site "Redmond, WA"]
[Date "2012.11.23"]
[Round "1"]
[White "Varner Murlin  (WA)"]
[Black "MacGregor Logan  (WA)"]
[Result "0-1"]
[WhiteElo "1732"]
[BlackElo "1651"]
[Annotator ""]
[Source ""]
[Remark "B"]

1.c4 Nf6 2.Nc3 g6 3.g3 Bg7 4.Bg2 O-O 5.d4 d6 6.Nf3 Na6 7.O-O
c5 8.d5 ( 8.b3 ) Nc7 9.Qc2 ( 9.a4 ) a6 10.a4 Rb8 11.Bg5 b5 12.Bxf6
Bxf6 13.axb5 axb5 14.Nd2 bxc4 15.Nxc4 Bb7 16.e4 Na6 17.Na5 Nb4
18.Qd2 Ba6 19.Nc6 Nxc6 20.Rxa6 Nb4 21.Ra7 Qb6 22.Rfa1 Rb7 23.Ra8
Rxa8 24.Rxa8+ Rb8 25.Rxb8+ Qxb8 26.b3 Qa7 27.Bf1 Bxc3 28.Qxc3
Qa2 29.f4 Qc2 30.Qc4 Qxc4 31.bxc4 f6 32.Kf2 Kf8 33.Ke2 Ke8 34.Kd2
g5 35.Bh3 ( 35.h4 ) Kf7 36.f5 {?} ( 36.Be6+ ) Ke8 37.Bg4 Kd7
38.h4 h6 39.hxg5 hxg5 40.Bd1 Kc7 41.Kc3 Kb6 42.g4 Ka5 43.Bb3
Na6 44.Bd1 Nb8 45.Bc2 Nd7 46.Bd1 Ne5 47.Kb3 Nd3 48.Kc3 Nf2 49.Bf3
Ka4 50.Kd2 Kb4 51.Ke3 Nh3 52.Be2 Nf4 53.Bf1 Kc3 54.Kf2 Kd4 55.Kf3
Nd3 56.Be2 Ne5+ 57.Kg3 Kxe4 58.Bf1 Kd4 0-1

[Event "Washington Class Championships"]
[Site "Redmond, WA"]
[Date "2012.11.23"]
[Round "2"]
[White "Davis Frederick  (WA)"]
[Black "Varner Murlin  (WA)"]
[Result "1-0"]
[WhiteElo "1677"]
[BlackElo "1732"]
[Annotator ""]
[Source ""]
[Remark "B"]

1.e4 e6 2.d4 d5 3.Nc3 Bb4 4.Nge2 Nc6 5.e5 Nge7 ( 5...f6 ) 6.a3
Ba5 7.g3 O-O {%08DA} 8.Bg2 Nf5 9.Be3 Nxe3 10.fxe3 f6 11.exf6
Rxf6 12.Nf4 Ne7 13.O-O Nf5 14.Qe2 Bxc3 15.bxc3 a5 16.Nd3 b6 17.e4
dxe4 18.Bxe4 Rb8 19.Ne5 Bb7 20.Bxb7 Rxb7 21.Rae1 Qd6 22.g4 Nh4
23.Rxf6 gxf6 24.Nc4 Qd5 25.Qxe6+ Qxe6 26.Rxe6 Kf7 27.Re3 Rb8
28.Rh3 Ng6 29.Rxh7+ Ke6 30.Rxc7 Kd5 31.Ne3+ Ke4 32.Rg7 Nh4
( 32...Nf4 ) 33.Kf2 Re8 34.Rb7 Re6 35.d5 Rd6 36.Re7+ Kf4 37.Re6
Rxe6 38.dxe6 Ng6 39.Nd5+ Kxg4 40.e7 1-0

[Event "Washington Class Championships"]
[Site "Redmond, WA"]
[Date "2012.11.23"]
[Round "1"]
[White "Dixon James  (WA)"]
[Black "Piper August  (WA)"]
[Result "1/2-1/2"]
[WhiteElo "1401"]
[BlackElo "1595"]
[Annotator ""]
[Source ""]
[Remark "C"]

1.e4 c5 2.Nf3 d6 3.d4 cxd4 4.Nxd4 Nf6 5.Nc3 a6 6.f3 e6 7.Be3
Nbd7 8.g4 Nb6 9.Qd2 Be7 10.h4 h6 11.O-O-O Qc7 12.Kb1 Nc4 13.Bxc4
Qxc4 14.g5 hxg5 15.Bxg5 b5 16.b3 Qc7 17.Bxf6 Bxf6 18.h5 Bb7 19.Ncxb5
axb5 20.Nxb5 Qb8 21.Qxd6 Be7 22.Qxb8+ Rxb8 23.Nd6+ Bxd6 24.Rxd6
Ke7 25.Rd2 Rhd8 26.Rhd1 e5 27.Rxd8 Rxd8 28.Rh1 Rd2 29.h6 gxh6
30.Rxh6 Rf2 31.Rh5 Kf6 32.Rf5+ Ke6 33.c4 f6 34.a4 Bc8 35.a5 Ba6
36.Kc1 Ra2 37.f4 Rxa5 38.fxe5 fxe5 39.Rh5 Kd6 40.Kc2 Bb7 41.Rh4
Kc5 42.Kc3 Ra3 43.Rh5 Kd6 44.Rh6+ Kc7 45.Re6 Bxe4 46.Rxe5 Bc6
47.Kb4 Ra8 48.Re3 Bd7 49.Re5 Kd6 50.Rg5 Be6 51.Ra5 Rxa5 1/2-1/2

[Event "Washington Class Championships"]
[Site "Redmond, WA"]
[Date "2012.11.24"]
[Round "3"]
[White "Varner Murlin  (WA)"]
[Black "Ramesh Jothi  (WA)"]
[Result "0-1"]
[WhiteElo "1732"]
[BlackElo "1763"]
[Annotator ""]
[Source ""]
[Remark "B"]

1.e4 c6 2.d4 d5 3.exd5 cxd5 4.Nf3 ( 4.c4 ) Bg4 5.Be2 e6 6.O-O
Bd6 7.Ne5 Bxe2 8.Qxe2 Nf6 9.Bg5 O-O 10.Ng4 Be7 11.Nxf6+ Bxf6
12.Bxf6 Qxf6 13.Qe5 ( 13.c3 ) Qe7 14.c3 Nc6 15.Qe3 Rfe8 16.Nd2
e5 17.dxe5 Nxe5 18.Nf3 Qf6 19.Nxe5 Rxe5 20.Qd2 h6 21.Rae1 Rae8
22.Rxe5 Qxe5 23.f4 Qe4 24.Kf2 Qc4 25.b3 Qc5+ 26.Kf3 Rc8 27.Rc1
d4 28.c4 Rd8 29.Re1 d3 30.Qe3 {??} ( 30.Re5 ) d2 31.Rd1 Qh5+
32.g4 Qh3+ 33.Ke2 Qxh2+ 34.Qf2 Re8+ 35.Kf3 Qh3+ 36.Qg3 Re3+ 0-1

[Event "Washington Class Championships"]
[Site "Redmond, WA"]
[Date "2012.11.24"]
[Round "3"]
[White "Sang Tian  (WA)"]
[Black "Perez Ignacio  (WA)"]
[Result "1-0"]
[WhiteElo "2213"]
[BlackElo "2273"]
[Annotator ""]
[Source ""]
[Remark "Master"]

1.e4 d6 2.d4 Nf6 3.Nc3 g6 4.Be3 Bg7 5.f3 O-O 6.Qd2 Re8 7.g4 Nc6
8.Nge2 e5 9.O-O-O exd4 10.Nxd4 Bd7 11.h4 Ne5 12.Be2 b5 13.Bg5
b4 14.Nd5 c5 15.Nb5 Bxb5 16.Bxb5 Nxf3 17.Bxf6 Bxf6 18.Qf4 Be5
19.Qxf3 Re6 20.Rhf1 f6 21.g5 Kh8 22.gxf6 Qa5 23.Bc4 Rf8 24.h5
Qd8 1-0

[Event "Washington Class Championships"]
[Site "Redmond, WA"]
[Date "2012.11.23"]
[Round "2"]
[White "Campbell Tim  (WA)"]
[Black "Le Blanc Paul  (CAN)"]
[Result "0-1"]
[WhiteElo "1718"]
[BlackElo "1903"]
[Annotator ""]
[Source ""]
[Remark "A"]

1.e4 c6 2.c4 d5 3.exd5 cxd5 4.d4 dxc4 5.Bxc4 Qc7 6.Qc2 Nc6 7.Nf3
Bd7 8.Ne5 e6 9.Qe4 Nxe5 10.dxe5 Rc8 11.Nd2 Bc6 12.Qe3 Bxg2 13.Rg1
Bc6 14.f4 Ne7 15.Qxa7 Nf5 16.Nb3 Be7 17.Na5 O-O 18.Nxc6 Qxc6
19.Bd3 Bc5 20.Rxg7+ Kxg7 21.Qa5 Qh1+ 22.Kd2 Be3+ 23.Ke2 Rxc1
24.Rxc1 Bxc1 25.Bxf5 exf5 26.e6 Qe4+ 27.Kd1 Qd3+ 28.Ke1 Re8 29.Qe5+
Kg6 30.e7 Qe3+ 0-1

[Event "Washington Class Championships"]
[Site "Redmond, WA"]
[Date "2012.11.24"]
[Round "3"]
[White "MacGregor Michael  (WA)"]
[Black "Greninger Harley  (WA)"]
[Result "0-1"]
[WhiteElo "2214"]
[BlackElo "2198"]
[Annotator ""]
[Source ""]
[Remark "Master"]

1.e4 e6 2.d4 d5 3.Nc3 Bb4 4.e5 c5 5.Bd2 Nc6 6.Nb5 Bxd2+ 7.Qxd2
Nxd4 8.Nxd4 cxd4 9.f4 Ne7 10.Nf3 Qb6 11.Qxd4 Qxd4 12.Nxd4 Bd7
13.Bd3 a6 14.O-O Nc6 15.Nf3 Rc8 16.c3 O-O 17.Rae1 f5 18.Rd1 Na5
19.Nd4 Nc4 20.Rf2 h6 21.Re1 Rce8 22.Bxc4 dxc4 23.Rd2 Rd8 24.Red1
Bc8 25.Nc2 Rxd2 26.Rxd2 Kf7 27.a4 Ke7 28.a5 Bd7 29.Na3 Rc8 30.Rd4
Rc5 31.Nxc4 Bb5 32.Nd2 Bc6 33.Nb3 Rb5 34.Rb4 Rd5 35.Kf2 Rd1 36.Rd4
Rh1 37.Kg3 g5 38.Nd2 g4 39.Nc4 h5 40.Ne3 Re1 41.Kf2 Ra1 42.Nc4
h4 43.Nd6 {?} Rh1 44.Nc8+ Ke8 45.Nd6+ Kf8 46.Rd2 h3 47.Kg3 Rg1
48.Nc4 hxg2 49.Ne3 Rf1 50.Nxg2 Rf3+ 51.Kh4 Rh3+ 52.Kg5 Rxh2 53.Kf6
Ke8 54.Rd6 Rxg2 55.Kxe6 g3 56.Kxf5 Re2 {%02'time'} 0-1

[Event "Washington Class Championships"]
[Site "Redmond, WA"]
[Date "2012.11.24"]
[Round "3"]
[White "Kalina Chris  (MN)"]
[Black "Szabo Marcell  (WA)"]
[Result "1/2-1/2"]
[WhiteElo "2084"]
[BlackElo "1936"]
[Annotator ""]
[Source ""]
[Remark "Master"]

1.d4 Nf6 2.c4 e5 3.dxe5 Ng4 4.Bf4 Nc6 5.Qd5 Bb4+ 6.Nc3 Bxc3+
7.bxc3 Qe7 8.Nf3 f6 9.exf6 Nxf6 10.Qd2 d6 11.e3 O-O 12.Be2 Ne4
13.Qc2 Bf5 14.Bd3 Rae8 15.O-O Qf6 16.Nd4 Nxd4 17.cxd4 g5 18.Bg3
h5 19.f3 Nxg3 20.hxg3 Rxe3 21.Bxf5 Qxf5 22.Qxf5 Rxf5 23.Rfe1
Rxe1+ 24.Rxe1 Kf7 25.Kf2 Ra5 26.Re2 Ra4 27.Rc2 Kf6 28.Ke3 Kf5
29.Kd3 g4 30.Ke3 Ra3+ 31.Ke2 c5 32.dxc5 dxc5 33.Kf2 b6 34.Ke2
Ra4 35.Kd3 Ra3+ 1/2-1/2

[Event "Washington Class Championships"]
[Site "Redmond, WA"]
[Date "2012.11.23"]
[Round "2"]
[White "Warrier Vishnu (WA)"]
[Black "Whitmer Charles  (WA)"]
[Result "1-0"]
[WhiteElo "1885"]
[BlackElo "1720"]
[Annotator ""]
[Source ""]
[Remark "A"]

1.e4 c5 2.Nc3 d6 3.f4 a6 4.a4 Nf6 5.Bc4 e6 6.Qf3 Nc6
( 6...Nc6 7.Nge2 Qc7 8.d3 Be7 9.O-O O-O 10.Be3 b6 11.g4 Bb7 12.g5
Nd7 13.Qh5 g6 14.Qh6 Kh8 15.Rf3 Rg8 16.Rh3 Rg7 17.Rf1 Nf8 18.f5
exf5 19.exf5 gxf5 20.Ng3 Rg6 21.Qh5 Nd4 22.Nd5 Qc6 23.Nxf5 Nxf5
24.Rxf5 f6 25.Kf2 Rg7 26.gxf6 Bxf6 27.Rxf6 b5 28.Rhf3 Ng6 29.Rf7
bxc4 30.Rxg7 Kxg7 31.Qh6+ Kh8 32.Rf7 {1-0, Grau Helmut (GER) 2040 - Dudda Ewald, Baunatal (Germany) 1996}
) 7.Nge2 Nb4 8.O-O Nxc2 9.e5 Nxa1 10.d4 d5 11.f5 dxc4 12.Bg5
Nc2 13.d5 exf5 14.Nf4 Nd4 15.Qg3 h6 16.Bh4 g5 17.exf6 Qxf6 18.Nh5
Qg6 ( 18...Qd6 ) 19.Qe5+ Be6 20.Nf6+ Ke7 21.dxe6 fxe6 22.Ncd5+
Z0 ( 22...Kf7 {%00þ } 23.Qc7+ {%00þ } Be7 {%00þ } 24.Qxe7#
{%00þ } {+299.98|d5 Shredder 9.11} ) 1-0

[Event "Washington Class Championships"]
[Site "Redmond, WA"]
[Date "2012.11.24"]
[Round "4"]
[White "Sly Douglas  (WA)"]
[Black "Varner Murlin  (WA)"]
[Result "1/2-1/2"]
[WhiteElo "1626"]
[BlackElo "1732"]
[Annotator ""]
[Source ""]
[Remark "B"]

1.d4 Nf6 2.Nc3 g6 ( 2...d5 ) 3.e4 d6 4.Bg5 Bg7 5.e5 dxe5 6.dxe5
Qxd1+ 7.Rxd1 Nfd7 8.f4 f6 9.exf6 exf6 10.Bh4 Nb6 11.Nb5 Na6 12.Nd4
Bg4 ( 12...O-O ) 13.Bxa6 Bxd1 14.Bxb7 Rd8 15.Ne6 Kf7 16.Nxd8+
Rxd8 17.Be4 Bg4 18.Ne2 Bxe2 19.Kxe2 Re8 20.Kf3 f5 21.Bd3 Bd4
22.Bf2 Bxb2 23.Rb1 Bf6 24.Rb3 Be7 25.a4 a5 26.Bxb6 cxb6 27.Rxb6
Bc5 28.Rb7+ Kf6 29.g3 h5 30.Rc7 Re3+ 31.Kg2 Bb4 32.Kf2 Re6 33.c3
Ba3 34.Bc4 Re7 35.Rxe7 Kxe7 36.Bd5 Kf6 37.h3 g5 38.fxg5+ Kxg5
39.h4+ Kf6 40.Bf3 Kg6 41.Ke2 Bd6 42.Kf2 Z0 ( 42...f4 {%00þ }
43.g4 {%00þ } hxg4 {%00þ } 44.Bxg4 {%00þ } Kf6 {%00þ }
45.h5 {%00þ } {+1.05|d29 Shredder 9.11} ) 1/2-1/2

[Event "Washington Class Championships"]
[Site "Redmond, WA"]
[Date "2012.11.23"]
[Round "4"]
[White "Xing Casey (WA)"]
[Black "Bartron Paul  (WA)"]
[Result "1/2-1/2"]
[WhiteElo "2086"]
[BlackElo "2110"]
[Annotator ""]
[Source ""]
[Remark "Expert"]

1.d4 d5 2.c4 dxc4 3.Nf3 a6 4.e3 Nf6 5.a4 c5 6.Bxc4 e6 7.O-O Nc6
8.Qe2 cxd4 9.Rd1 Be7 10.Nxd4 Nxd4 11.Rxd4 Qc7 12.Nc3 O-O 13.Rd1
Bd7 14.b3 Bc6 15.Bb2 Rfd8 16.Rac1 Rxd1+ 17.Rxd1 Rd8 18.Rxd8+
Qxd8 1/2-1/2

[Event "Washington Class Championships"]
[Site "Redmond, WA"]
[Date "2012.11.24"]
[Round "3"]
[White "Buck Stephen  (WA)"]
[Black "Mies J C  (WA)"]
[Result "0-1"]
[WhiteElo "1700"]
[BlackElo "1309"]
[Annotator ""]
[Source ""]
[Remark "B"]

1.c4 Nf6 2.Nc3 g6 3.g3 Bg7 4.Bg2 O-O 5.Nf3 d6 6.O-O Nc6 7.d3
e5 8.Rb1 Nd7 9.b4 f5 10.Nd5 Rb8 11.b5 Ne7 12.Bg5 Nf6 13.Nxf6+
Bxf6 14.Bxf6 Rxf6 15.Qb3 f4 16.Ng5 Kg7 17.Qb2 h6 18.Ne4 Rf8 19.d4
d5 20.dxe5 dxe4 21.e6+ Kh7 22.Rbd1 Qe8 23.Qe5 f3 24.exf3 exf3
25.Bh3 b6 26.Qxc7 {?} ( 26.Rfe1 ) Rb7 27.Qe5 Nf5 28.Rfe1 Re7
29.Qc3 Rxe6 30.Rxe6 Qxe6 31.Qxf3 Qe7 32.Qc3 Bb7 33.Re1 Qc5 34.Qd3
Rf7 35.Bxf5 gxf5 {%02'time'} 0-1

[Event "Washington Class Championships"]
[Site "Redmond, WA"]
[Date "2012.11.24"]
[Round "4"]
[White "Kenney Jason  (CAN)"]
[Black "Greninger Harley  (WA)"]
[Result "0-1"]
[WhiteElo "2289"]
[BlackElo "2198"]
[Annotator ""]
[Source ""]
[Remark "Master"]

1.d4 d5 2.c4 e6 3.Nc3 c5 4.cxd5 exd5 5.Nf3 Nc6 6.g3 Nf6 7.Bg2
Be7 8.O-O O-O 9.Bg5 c4 10.b3 h6 11.Bxf6 Bxf6 12.bxc4 dxc4 13.e3
Qa5 14.Ne4 Be7 15.Ned2 Be6 16.e4 c3 17.Nb3 Bxb3 18.Qxb3 Ba3 19.d5
Nd8 20.Ne5 b5 21.Rab1 Rc8 22.Qc2 Qa4 23.Rb3 Re8 24.Nd3 Nb7 25.Bh3
Rc7 26.e5 b4 27.d6 Rc4 28.d7 Re7 29.e6 fxe6 30.Ne5 Rc5 31.Re1
Nd8 32.Re2 Qb5 33.f4 Qxe2 34.Qxe2 c2 35.Nd3 Kf7 36.f5 exf5 37.Qf2
c1Q+ 38.Nxc1 Rxc1+ 39.Bf1 g6 40.Qd2 Ree1 41.Rf3 Red1 42.Qxh6
Bb2 43.Qh7+ Bg7 44.g4 Ne6 45.gxf5 gxf5 46.Qh5+ Ke7 47.Qe8+ Kf6
{+-} 48.Kf2 {??} ( 48.Kg2 Rd2+ 49.Rf2 ) Rxf1+ 49.Kg2 Rg1+ 50.Kf2
Rcf1+ 51.Ke2 Nd4+ 52.Kd3 Rxf3+ 53.Kxd4 Rd1+ 54.Kc4 Rf4+ 55.Kc5
Rfd4 56.h4 Rxd7 0-1

[Event "Washington Class Championships"]
[Site "Redmond, WA"]
[Date "2012.11.24"]
[Round "4"]
[White "Perez Ignacio  (WA)"]
[Black "Wang Michael  (WA)"]
[Result "0-1"]
[WhiteElo "2273"]
[BlackElo "2148"]
[Annotator ""]
[Source ""]
[Remark "Master"]

1.e4 c5 2.Nf3 d6 3.d4 cxd4 4.Nxd4 Nf6 5.Nc3 a6 6.f4 e6 7.a4 b6
8.Bd3 Bb7 9.Qe2 Qc7 10.O-O Be7 11.Kh1 Nc6 12.Nxc6 Qxc6 13.e5
Nd7 14.exd6 Bxd6 15.Be4 Qc7 16.f5 e5 17.Bg5 h6 18.Bh4 Nc5 19.Bxb7
Qxb7 20.Rad1 Qc6 21.b4 Nd7 22.Nd5 b5 23.Qg4 Rg8 24.Rd2 Qc4 25.Qxc4
bxc4 26.c3 g5 27.Bg3 ( 27.fxg6 Rxg6 28.Rfd1 ) O-O-O 28.Rfd1 Rge8
29.Ne3 Bc7 30.Nxc4 e4 31.Bxc7 Kxc7 32.Nd6 Re7 33.f6 Nxf6 34.Nb5+
axb5 35.Rxd8 e3 36.R8d4 Ne4 37.Kg1 bxa4 38.Re1 Nd2 39.b5 f5 40.Rxa4
Kb6 41.c4 Kc5 42.Rc1 f4 {=} 43.Ra6 g4 44.Rc6+ Kb4 45.b6 f3 46.gxf3
gxf3 47.Rc7 Re8 48.b7 Rg8+ ( 48...f2+ {%02 another alternative...}
49.Kg2 Rg8+ 50.Kh3 e2 ) 49.Kh1 Ne4 50.Rb1+ Kc3 {%02  (...with mate in 8.  Can you find it?)}
 0-1

[Event "Washington Class Championships"]
[Site "Redmond, WA"]
[Date "2012.11.24"]
[Round "4"]
[White "Haining Kyle  (WA)"]
[Black "Bishop Alan  (WA)"]
[Result "1-0"]
[WhiteElo "1900"]
[BlackElo "2000"]
[Annotator ""]
[Source ""]
[Remark "Expert"]

1.e4 d6 2.d4 Nf6 3.Nc3 g6 4.f3 c6 5.Be3 Nbd7 6.Qd2 e5 7.Nge2
b5 8.d5 cxd5 9.Nxd5 Nxd5 10.Qxd5 Rb8 11.Nc3 a6 12.Qd2 Bb7 13.Be2
Nf6 14.Rd1 b4 15.Nd5 Nxd5 16.exd5 Bg7 17.Qxb4 Qc7 18.Qd2 O-O
19.O-O f5 20.c4 Bc8 21.b4 a5 22.b5 Bd7 23.Rb1 f4 24.Bf2 Bf5 25.Bd3
Bxd3 26.Qxd3 Rfc8 27.Rfc1 Re8 28.c5 dxc5 29.Rxc5 Qd7 30.b6 Bf8
31.Rxa5 Rec8 32.Rab5 Rc6 33.Qb3 Rd6 34.b7 Ra6 35.Qc4 Bd6 36.Rc1
Kg7 37.Rb3 Rxa2 38.Qc6 Qe7 39.Rb6 Ba3 40.Qc7 Qxc7 41.Rxc7+ Kh6
42.h3 1-0

[Event "Washington Class Championships"]
[Site "Redmond, WA"]
[Date "2012.11.24"]
[Round "4"]
[White "Collyer Curt  (WA)"]
[Black "Haessler Carl  (OR)"]
[Result "1-0"]
[WhiteElo "2288"]
[BlackElo "2214"]
[Annotator ""]
[Source ""]
[Remark "Master"]

1.d4 Nf6 2.c4 e6 3.Nc3 c5 4.d5 exd5 5.cxd5 Bd6 6.Nf3 Bc7 7.Bg5
d6 8.e3 a6 9.Be2 Nbd7 10.O-O O-O 11.Nd2 ( 11.a3 Re8 12.h3 Nf8
13.Bf4 Ng6 14.Bh2 b5 15.b4 Bb6 16.Qb3 Bb7 17.Rfd1 Rc8 18.Rac1
Ne7 19.bxc5 Bxc5 20.e4 Ng6 21.Bd3 Qa5 22.a4 b4 23.Re1 Qb6 24.Nd1
Bxd5 25.exd5 Rxe1+ 26.Nxe1 Bxf2+ 27.Nxf2 Rxc1 28.Kf1 Nxd5 29.Qxd5
b3 30.Bxd6 Nf8 31.Ba3 b2 32.Qa8 Rxe1+ 33.Kxe1 Qe3+ 34.Kd1 b1Q+
35.Bxb1 Qxa3 36.Qxa6 g6 37.Qc4 Ne6 38.Nd3 Qa1 39.Qb4 Nd4 40.Kc1
h5 41.Nb2 {1-0, Gostisa Leon (SLO) 2430 - Mazi Leon (SLO) 2345, Ljubljana (Slovenia) 1995}
) h6 12.Bh4 Re8 13.a4 Rb8 14.Bd3 Ne5 15.Bc2 b5 16.axb5 axb5 17.Nde4
g5 18.f4 Nxe4 19.Nxe4 Ng6 20.fxg5 Rxe4 21.Bxe4 Nxh4 22.Qh5 Qe8
23.Qxh4 Bd8 24.Rf6 Qe5 25.Raf1 Rb7 26.Rxh6 Bxg5 27.Rh8+ Qxh8
28.Qxg5+ Qg7 29.Qd8+ Qf8 30.Qg5+ Qg7 31.Qd8+ Qf8 32.Bh7+ Kg7
33.Qg5+ Kh8 34.Qh4 Qe7 35.Qh6 Z0 ( 35...f6 {%00þ } 36.Be4+
{%00þ } Kg8 {%00þ } 37.Rxf6 {%00þ } Qg7 {%00þ } 38.Rg6
{%00þ } Bg4 {%00þ } 39.Qg5 {%00þ } Bh3 {%00þ } 40.Qd8+
{%00þ } Kf7 {%00þ } 41.Rxg7+ {%00þ } Kxg7 {%00þ }
42.gxh3 {%00þ } Ra7 {%00þ } 43.Qxd6 {%00þ } {+14.36|d18 Shredder 9.11}
) 1-0

[Event "Washington Class Championships"]
[Site "Redmond, WA"]
[Date "2012.11.25"]
[Round "5"]
[White "Kelley Dereque  (WA)"]
[Black "Hadzic Huso  (WA)"]
[Result "0-1"]
[WhiteElo "2249"]
[BlackElo "2179"]
[Annotator ""]
[Source ""]
[Remark "Master"]

1.d4 Nf6 2.c4 e6 3.Nc3 Bb4 4.e3 O-O 5.Bd3 c5 6.Nf3 d5 7.O-O dxc4
8.Bxc4 cxd4 9.exd4 Nbd7 10.Bg5 Nb6 11.Bb3 Be7 12.Qd3 Nbd5 13.Bc2
Nb4 14.Qd2 Nxc2 15.Qxc2 b6 16.Rad1 Bb7 17.Qe2 Nd5 18.Bxe7 Qxe7
19.Nxd5 Bxd5 20.b3 Qb7 21.Ne1 Rac8 22.f3 Rfd8 23.Nd3 Qa6 24.Rfe1
h6 25.Ne5 Qxe2 26.Rxe2 f6 27.Ng6 Kf7 28.Nf4 g5 29.Nxd5 Rxd5 30.Rde1
Rc6 0-1

[Event "Washington Class Championships"]
[Site "Redmond, WA"]
[Date "2012.11.24"]
[Round "4"]
[White "Feng Roland  (WA)"]
[Black "Sang Tian  (WA)"]
[Result "1/2-1/2"]
[WhiteElo "2204"]
[BlackElo "2213"]
[Annotator ""]
[Source ""]
[Remark "Master"]

1.d4 Nf6 2.c4 e6 3.Nf3 Bb4+ 4.Bd2 Qe7 5.g3 Nc6 6.a3 Bxd2+ 7.Qxd2
d6 8.Nc3 O-O 9.Bg2 e5 10.O-O Bg4 11.dxe5 dxe5 12.Qe3 Rad8 13.Rad1
Rfe8 14.Ng5 Nd4 15.h3 Bh5 16.Nge4 Nxe4 17.Bxe4 c6 18.g4 Bg6 19.Bxg6
hxg6 20.Kg2 Qc5 21.Qd3 Ne6 22.Qe3 Rd4 23.b3 Qxa3 24.Ne4 Qe7 25.Qf3
f5 26.gxf5 gxf5 27.Ng3 g6 28.e3 Rh4 29.Rh1 Qh7 ( 29...e4 ) 30.Rd6
Ng5 31.Qd1 f4 32.exf4 exf4 33.Re1 f3+ 34.Kg1 Rf8 35.Rd8 Rhf4
36.Qd6 Qxh3 37.Qxg6+ Kh8 38.Rxf8+ Rxf8 39.Qh5+ Qxh5 40.Nxh5 Nh3+
41.Kf1 Rd8 42.Nf6 Rd2 43.Re7 Rxf2+ 44.Ke1 Re2+ 45.Rxe2 fxe2 46.Kxe2
Nf4+ 47.Ke3 Ne6 48.b4 Kg7 49.Ne8+ Kf8 50.Nd6 Nd8 51.b5 a5 52.bxc6
bxc6 53.Kd4 Ke7 54.Kc5 Kd7 55.Ne4 Kc7 56.Kd4 Kb6 57.Kc3 Ne6 58.Nd6
Nc5 59.Nf5 Kc7 60.Kd4 Ne6+ 61.Ke5 Kd7 62.Ne3 Nc7 63.Nc2 Na6 64.Na3
Nb4 65.c5 Kc7 66.Nc4 a4 67.Kd4 Na6 68.Na3 Kd7 69.Nc4 Ke6 70.Na3
Kf5 71.Nc4 Ke6 72.Na3 Nc7 73.Kc4 Kd7 74.Kb4 Nb5 75.Kxa4 Nxa3
76.Kxa3 Ke6 77.Kb4 Kd5 78.Kb3 Kd4 79.Kb4 Kd3 80.Kb3 Kd4 81.Kb4
Kd5 82.Kb3 Kxc5 83.Kc3 1/2-1/2

[Event "Washington Class Championships"]
[Site "Redmond, WA"]
[Date "2012.11.24"]
[Round "4"]
[White "Nagase Masayuki  (WA)"]
[Black "Rupel David  (WA)"]
[Result "0-1"]
[WhiteElo "1714"]
[BlackElo "2134"]
[Annotator ""]
[Source ""]
[Remark "Expert"]

1.d4 Nf6 2.c4 e6 3.Nc3 Bb4 4.e3 b6 5.Bd3 Bb7 6.f3 Nh5 7.Qe2 f5
8.Qf2 Bxc3+ 9.bxc3 ( 9.bxc3 O-O 10.Ba3 d6 11.Rd1 Qe8 12.Qc2 Nd7
13.Nh3 Kh8 14.O-O Qg6 15.Kh1 e5 16.d5 Qf6 17.g4 Qh4 18.Qg2 e4
19.Be2 exf3 20.Bxf3 fxg4 21.Qxg4 Qxg4 22.Bxg4 Nhf6 23.Bxd7 Nxd7
24.e4 Ba6 25.Rg1 Bxc4 26.Rg2 Bf1 27.Rg3 Bxh3 28.Rxh3 Rf2 29.Bc1
Raf8 30.Rg1 R8f3 31.Be3 Rxh3 32.Bxf2 Kg8 33.Bd4 g6 34.Rf1 Rh4
35.Re1 Rg4 36.h3 Rg3 37.Kh2 Rd3 38.Re2 Ne5 39.Kg2 Nf3 40.Re3
Rxe3 41.Bxe3 Ne5 42.Kf2 Kf7 43.Ke2 Kf6 44.h4 Nf7 45.Bd4+ Ke7
46.Kf3 Ne5+ 47.Kf4 Kf6 48.c4 h6 49.Bc3 g5+ 50.hxg5+ hxg5+ 51.Kg3
Kf7 52.Bxe5 dxe5 53.Kf3 Kg7 54.a4 a5 {0-1, Palsson B (ISL) 2020 - Solmundarson Magnus (ISL) 2080, Reykjavik (Iceland) 1988}
) a5 10.Ne2 O-O 11.O-O Nc6 12.Ng3 Qe8 13.Nxh5 Qxh5 14.Ba3 d6
15.d5 Ne5 16.Rfd1 Nxd3 17.Rxd3 e5 18.Rdd1 Rf6 19.Bc1 Raf8 20.Bd2
Ba6 21.Qe2 Rh6 22.h3 e4 23.Rf1 Rg6 24.Kh1 Rff6 25.a3 Rg3 26.a4
exf3 27.Rxf3 Bxc4 28.Qxc4 Rxf3 29.gxf3 Qxh3+ 30.Kg1 Qg3+ 31.Kf1
Qxf3+ 32.Ke1 Rh6 33.Bc1 Rh1+ 34.Kd2 Qd1# 0-1

[Event "Washington Class Championships"]
[Site "Redmond, WA"]
[Date "2012.11.24"]
[Round "4"]
[White "Pupols Viktors  (WA)"]
[Black "Kelley Dereque  (WA)"]
[Result "1/2-1/2"]
[WhiteElo "2200"]
[BlackElo "2249"]
[Annotator ""]
[Source ""]
[Remark "Master"]

1.d4 Nf6 2.c4 e6 3.Nf3 d5 4.Nc3 Be7 5.Bg5 h6 6.Bh4 O-O 7.e3 b6
8.cxd5 exd5 9.Bd3 Be6 10.O-O Nbd7 11.Rc1 c5 12.dxc5 bxc5 13.b3
Nb6 14.e4 dxe4 15.Nxe4 Nxe4 16.Bxe7 Qxe7 17.Bxe4 Bxb3 18.Qxb3
Qxe4 19.Rxc5 Qa4 20.Rfc1 Qxb3 21.axb3 Rfd8 22.g3 Rd3 23.R1c3
Rxc3 24.Rxc3 Rc8 1/2-1/2

[Event "Washington Class Championships"]
[Site "Redmond, WA"]
[Date "2012.11.25"]
[Round "5"]
[White "Feng Roland  (WA)"]
[Black "Cadman Chuck  (WA)"]
[Result "1-0"]
[WhiteElo "2204"]
[BlackElo "2254"]
[Annotator ""]
[Source ""]
[Remark "Master"]

1.d4 Nf6 2.c4 g6 3.Nc3 c5 4.d5 Bg7 5.e4 d6 6.h3 O-O 7.Nf3 e5
8.dxe6 fxe6 9.e5 dxe5 ( 9...Ne8 10.Bg5 Qb6 11.Qd2 dxe5 12.Be2
Nc6 13.O-O Nd4 14.Rfe1 Bd7 15.Bh6 Bxh6 16.Qxh6 Qc7 17.Ng5 Nf6
18.Nce4 Bc6 19.Nxf6+ Rxf6 20.Bg4 Nc2 21.Qh4 Raf8 22.Nxe6 Rxe6
23.Bxe6+ Kg7 24.Rad1 Re8 25.Bd5 Nxe1 26.Rxe1 b6 27.Qe4 Bxd5 28.cxd5
g5 29.h4 h6 30.hxg5 hxg5 31.Re3 Qd6 32.Rg3 Qf6 33.d6 Rd8 34.Qb7+
Kg6 35.Rh3 Qg7 36.Qe4+ Kf6 37.Qd5 Rd7 38.Rf3+ Kg6 39.Qe6+ {1-0, Balsinde Elias Rolando (PUR) 2235 - Santo-Roman Marc (FRA) 2395, Dortmund (Germany) 1980}
) 10.Qxd8 Rxd8 11.Be3 e4 12.Nd2 b6 13.g4 Nc6 14.Bg2 Ne5 15.Ncxe4
Rb8 16.Ke2 Bb7 17.Nxf6+ Bxf6 18.Bxb7 Rxb7 19.Ne4 Bg7 20.b3 Nc6
21.Rad1 Nd4+ 22.Bxd4 Bxd4 23.Rd3 Rf8 24.Rf3 Rxf3 25.Kxf3 Rf7+
26.Ke2 h6 27.Rd1 Rf4 28.f3 Rf8 29.Rd3 Kf7 30.b4 {%02$16 'time'} 1-0

[Event "Washington Class Championships"]
[Site "Redmond, WA"]
[Date "2012.11.24"]
[Round "2"]
[White "Feng Roland  (WA)"]
[Black "Kalina Chris  (MN)"]
[Result "1-0"]
[WhiteElo "2204"]
[BlackElo "2084"]
[Annotator ""]
[Source ""]
[Remark "Master"]

1.d4 Nf6 2.c4 c5 3.d5 b5 4.cxb5 a6 5.bxa6 g6 6.Nc3 Bxa6 7.e4
d6 8.Bxa6 Nxa6 9.Nge2 Bg7 10.O-O O-O 11.Bg5 Qb6 12.Rb1 Rfb8 13.b3
Qb4 14.Qd3 Qa3 15.Bc1 Nb4 16.Qc4 Qa6 17.Qxa6 Rxa6 18.a4 Nc2 19.f3
Nd4 20.Nxd4 cxd4 21.Nb5 Nd7 22.Bb2 Nc5 23.Ba1 d3 24.Bxg7 Kxg7
25.Kf2 Kf6 26.Ke3 e5 27.Rfc1 Ke7 28.Rxc5 dxc5 29.Kxd3 Rxb5 30.axb5
Ra2 31.b6 Kd6 32.b4 Ra3+ 33.Kc4 1-0

[Event "Washington Class Championships"]
[Site "Redmond, WA"]
[Date "2012.11.24"]
[Round "4"]
[White "Eva David  (WA)"]
[Black "Arora Mayhul (WA)"]
[Result "1/2-1/2"]
[WhiteElo "1879"]
[BlackElo "1839"]
[Annotator ""]
[Source ""]
[Remark "A"]

1.e4 c5 2.Nf3 Nc6 3.d4 cxd4 4.Nxd4 g6 5.Nc3 Bg7 6.Nb3 Nf6 7.Be2
O-O 8.O-O a6 9.a4 b6 10.Be3 Bb7 11.f4 d6 12.Bf3 Nd7 13.Qd2 Nc5
14.Rfd1 Rc8 15.Qf2 Nb4 16.a5 Nxb3 17.Bxb6 Qd7 18.cxb3 Bxc3 19.bxc3
Rxc3 20.Qd4 Rxb3 21.Qc4 Qe6 22.Qe2 d5 23.exd5 Bxd5 24.Qxe6 Bxe6
25.Rab1 Rxb1 26.Rxb1 Nd5 27.Bxd5 Bxd5 28.Rc1 1/2-1/2

[Event "Washington Class Championships"]
[Site "Redmond, WA"]
[Date "2012.11.24"]
[Round "3"]
[White "Hadzic Huso  (WA)"]
[Black "Feng Roland  (WA)"]
[Result "0-1"]
[WhiteElo "2179"]
[BlackElo "2204"]
[Annotator ""]
[Source ""]
[Remark "Master"]

1.e4 e6 2.d4 d5 3.e5 c5 4.c3 Nc6 5.Nf3 Qb6 6.a3 c4 7.Be2 Na5
8.Nbd2 Bd7 9.O-O Ne7 10.Qe1 Ba4 11.Bd1 Bxd1 12.Qxd1 Qc6 13.Ne1
Nc8 14.Nc2 Nb6 15.f4 g6 16.Ne3 Be7 17.Qc2 O-O-O 18.g4 h5 19.g5
Kb8 20.Nf3 Nb3 21.Rb1 Na4 22.Bd2 a6 23.Be1 Ka7 24.Bf2 Rb8 25.Nd2
Nxd2 26.Qxd2 Ka8 27.Rfd1 Rhc8 28.Qc2 b5 29.Be1 Rb7 30.Bd2 Kb8
31.Rf1 a5 32.Ng2 b4 33.axb4 axb4 34.cxb4 Bxb4 35.Be3 Be7 36.Ra1
Nxb2 37.Rfb1 Nd3 38.Ne1 Nxe1 39.Rxe1 Kc7 40.Reb1 Rcb8 41.Rxb7+
Rxb7 42.Bd2 Kd7 43.Kf1 Bd8 44.Bc3 Qb5 45.Ke2 Bc7 46.Qa4 Qxa4
47.Rxa4 Bb8 48.Ra1 Ra7 49.Rxa7+ Bxa7 50.Kd2 Kc6 51.Kc2 Kb5 52.Bb2
Ka4 53.Bc3 Bb6 54.Bb2 Ba5 55.Bc1 c3 56.Be3 Kb4 57.f5 Kc4 58.fxg6
fxg6 0-1